Estimating applied to building (Record no. 94453)

MARC details
000 -LEADER
fixed length control field 00571cam a2200205 4500
001 - CONTROL NUMBER
control field D1126
008 - FIXED-LENGTH DATA ELEMENTS--GENERAL INFORMATION
fixed length control field 090401t1969 xxu||||| |||| 00| 0 eng d
035 ## - SYSTEM CONTROL NUMBER
System control number (Sirsi) u62607
041 ## - LANGUAGE CODE
Language code of text/sound track or separate title eng
050 ## - LIBRARY OF CONGRESS CALL NUMBER
Classification number 692.5
100 ## - MAIN ENTRY--PERSONAL NAME
Personal name Atton, W.
245 ## - TITLE STATEMENT
Title Estimating applied to building
250 ## - EDITION STATEMENT
Edition statement Metric
260 ## - PUBLICATION, DISTRIBUTION, ETC.
Place of publication, distribution, etc. London
Name of publisher, distributor, etc. George Godwin for the Builder
Date of publication, distribution, etc. 1969
300 ## - PHYSICAL DESCRIPTION
Extent vii. 296p. 23cm
350 ## - PRICE (NR) (BK AM CF MU VM SE) [OBSOLETE]
Price 2.5
520 ## - SUMMARY, ETC.
Summary, etc. In accordance with the Standard Method of Measurement of Building Works, Metric, 5th edition July 1968
942 ## - ADDED ENTRY ELEMENTS (KOHA)
Suppress in OPAC 0
948 ## - LOCAL PROCESSING INFORMATION (OCLC); SERIES PART DESIGNATOR (RLIN)
c (OCLC) 04/03/1997
Holdings
Withdrawn status Lost status Source of classification or shelving scheme Damaged status Not for loan Home library Current library Shelving location Date acquired Cost, normal purchase price Total Checkouts Full call number Barcode Date last seen Copy number Cost, replacement price Price effective from Koha item type
    Dewey Decimal Classification     London London Basement 14/09/1999 2.50   SHELF 300 30008596 06/08/2019 1 2.50 06/08/2019 Reference material